000 00706cam a22002653a 4500
001 32032
003 PGUSA
005 20140828083707.0
008 100417s2010||||xxu|||||s|||||000 1 eng d
040 _aPGUSA
_beng
042 _adc
050 4 _aPS
100 1 _aDick, Philip K.,
_d1928-1982
245 1 0 _aSecond Variety
_h[electronic resource] /
_cPhilip K. Dick
260 _bProject Gutenberg,
_c2010
506 _aPublic domain in the USA.
516 _aElectronic text
653 _aScience fiction
653 _aWar stories
653 _aRobots -- Fiction
700 1 _aEbel, Alex
830 0 _aProject Gutenberg
_v32032
856 4 0 _uhttp://www.gutenberg.org/ebooks/32032
942 _cEB
999 _c261287
_d261287